A Contractarian Argument Against the Death Penalty

Opponents of the death penalty typically base their opposition on contingent features of its administration, arguing that the death penalty is applied discriminatory, that the innocent are sometimes executed, or that there is insufficient evidence of the death penalty’s deterrent efficacy. Implicit...

Full description

Saved in:  
Bibliographic Details
Main Author: Finkelstein, Claire Oakes (Author)
Format: Electronic Book
Language:English
Published: 2006
In:Year: 2006
Online Access: Volltext (kostenfrei)
Check availability: HBZ Gateway

MARC

LEADER 00000cam a22000002c 4500
001 186611820X
003 DE-627
005 20250124054855.0
007 cr uuu---uuuuu
008 231018s2006 xx |||||o 00| ||eng c
035 |a (DE-627)186611820X 
035 |a (DE-599)KXP186611820X 
040 |a DE-627  |b ger  |c DE-627  |e rda 
041 |a eng 
084 |a 2,1  |2 ssgn 
100 1 |a Finkelstein, Claire Oakes  |e VerfasserIn  |4 aut 
245 1 2 |a A Contractarian Argument Against the Death Penalty 
264 1 |c 2006 
336 |a Text  |b txt  |2 rdacontent 
337 |a Computermedien  |b c  |2 rdamedia 
338 |a Online-Ressource  |b cr  |2 rdacarrier 
520 |a Opponents of the death penalty typically base their opposition on contingent features of its administration, arguing that the death penalty is applied discriminatory, that the innocent are sometimes executed, or that there is insufficient evidence of the death penalty’s deterrent efficacy. Implicit in these arguments is the suggestion that if these contingencies did not obtain, serious moral objections to the death penalty would be misplaced. In this Article, Professor Finkelstein argues that there are grounds for opposing the death penalty even in the absence of such contingent factors. She proceeds by arguing that neither of the two prevailing theories of punishment— deterrence and retributivism—is capable of justifying the death penalty. More generally, she suggests that while each theory captures an important part of the justification for punishment, each must appeal to some further limiting principle to accommodate common intuitions about appropriate punishments for crimes. Professor Finkelstein claims that contractarianism supplies this additional principle, by requiring that individuals consent to the system of punishment under whose threat they must live. Moreover, on the version of contractarianism for which she argues, they must do so based on a belief that they will benefit under the terms of that system as compared with how they would fare in its absence. While the notion of benefit is often best understood in terms of maximizing one’s expected utility, Professor Finkelstein argues that with respect to choices about the basic structure of society, rational contractors will conceive of benefit in terms of a conservative, “no-gambling” decision rule. She then argues that rational contractors applying this conception of benefit would reject any system of punishment that includes the death penalty. For while contractors would recognize the death penalty’s deterrent value, they must also consider the high cost they would pay in the event they end up subject to such a penalty. This Article presents both a significant new approach to the death penalty and a general theory of punishment, one that incorporates the central intuitions about deterrence and desert that have made competing theories of punishment seem compelling 
856 4 0 |u https://core.ac.uk/download/151687447.pdf  |x Verlag  |z kostenfrei  |3 Volltext  |7 0 
935 |a mkri 
951 |a BO 
ELC |a 1 
LOK |0 000 xxxxxcx a22 zn 4500 
LOK |0 001 4391798964 
LOK |0 003 DE-627 
LOK |0 004 186611820X 
LOK |0 005 20231018043626 
LOK |0 008 231018||||||||||||||||ger||||||| 
LOK |0 035   |a (DE-2619)CORE49690974 
LOK |0 040   |a DE-2619  |c DE-627  |d DE-2619 
LOK |0 092   |o n 
LOK |0 852   |a DE-2619 
LOK |0 852 1  |9 00 
LOK |0 935   |a core 
LOK |0 939   |a 18-10-23  |b l01 
OAS |a 1 
ORI |a SA-MARC-krimdoka001.raw